उपेक्षिता (Record no. 302961)

MARC details
000 -LEADER
fixed length control field 00469nam a2200169Ia 4500
008 - FIXED-LENGTH DATA ELEMENTS--GENERAL INFORMATION
fixed length control field 090711s9999 xx 000 0 und d
082 ## - DEWEY DECIMAL CLASSIFICATION NUMBER
Item number 70189
100 ## - MAIN ENTRY--PERSONAL NAME
Personal name कवळी प्रकाश
245 ## - TITLE STATEMENT
Title उपेक्षिता
260 ## - PUBLICATION, DISTRIBUTION, ETC. (IMPRINT)
Date of publication, distribution, etc 1988
300 ## - PHYSICAL DESCRIPTION
Extent 60
600 ## - SUBJECT ADDED ENTRY--PERSONAL NAME
Personal name कवळी प्रकाश
630 ## - SUBJECT ADDED ENTRY--UNIFORM TITLE
Uniform title उपेक्षिता
700 ## - ADDED ENTRY--PERSONAL NAME
Personal name कवळी प्रकाश
730 ## - ADDED ENTRY--UNIFORM TITLE
Uniform title उपेक्षिता
942 ## - ADDED ENTRY ELEMENTS (KOHA)
Koha item type Book
Holdings
Withdrawn status Lost status Damaged status Not for loan Home library Current library Date acquired Cost, normal purchase price Total Checkouts Full call number Barcode Date last seen Cost, replacement price Price effective from Koha item type
        Dadar Sarvajanik Vachanalaya, Dardar Dadar Sarvajanik Vachanalaya, Dardar 07/11/2009 25.00   70189 DASAVA-70189 07/11/2009 25.00 07/11/2009 Book